Západný Balkán ako priorita zahraničnej politiky Slovenskej republiky po vstupe do EÚ

Faktory ovplyvňujúce záujem Slovenskej republiky o Západný Balkán. Priority zahraničnej politiky Slovenskej republiky po vstupe do EÚ a NATO. Funkcia Fondu Bratislava - Belehrad. Oficiálna rozvojová pomoc namierená do Srbska a Čiernej Hory. Politické, bezpečnostné a ekonomické záujmy Slovenska na Zá...

ver descrição completa

Na minha lista:
Detalhes bibliográficos
Autor principal: Weiss, Peter
Formato: Capítulo de Livro
Idioma:eslovaco
Assuntos:
Tags: Adicionar Tag
Sem tags, seja o primeiro a adicionar uma tag!

MARC

LEADER 00000naa$a2200000$$$4500
001 0056527
005 20240502083139.0
041 0 |a slo 
044 |a CZ 
245 1 0 |a Západný Balkán ako priorita zahraničnej politiky Slovenskej republiky po vstupe do EÚ  |c Peter Weiss 
520 |a Faktory ovplyvňujúce záujem Slovenskej republiky o Západný Balkán. Priority zahraničnej politiky Slovenskej republiky po vstupe do EÚ a NATO. Funkcia Fondu Bratislava - Belehrad. Oficiálna rozvojová pomoc namierená do Srbska a Čiernej Hory. Politické, bezpečnostné a ekonomické záujmy Slovenska na Západnom Balkáne aj na Ukrajine. Záujem o stabilizáciu regiónu a pôsobenie vojenského kontingentu v Kosove v rámci jednotiek KFOR. Slovenská podpora riešenia štatútu Kosova a integrácie štátov regiónu do NATO a EÚ. 
610 2 0 |a politika zahraničná 
610 2 0 |a vzťahy medzinárodné 
610 2 0 |a diplomacia 
610 2 0 |a spolupráca medzinárodná 
610 2 0 |a pomoc rozvojová 
610 2 0 |a regióny 
610 2 0 |a organizácie medzinárodné 
610 2 0 |a konflikty 
610 2 0 |a sily ozbrojené 
610 2 0 |a autonómia 
610 2 0 |a Slovensko 
610 2 0 |a Balkán 
100 1 |a Weiss, Peter